Przywódcy ZSRR i Federacji Rosyjskiej - Statystyki

Ogólne statystyki
  • Ten quiz został rozwiązany 106 razy
  • Średni wynik to 9 z 12
Statystyki odpowiedzi
Obrazkowy Odpowiedź % Poprawnych
Józef Stalin
100%
Włodzimierz Lenin
100%
Władimir Putin
95%
Władimir Putin
94%
Michaił Gorbaczow
86%
Nikita Chruszczow
86%
Borys Jelcyn
83%
Leonid Breżniew
81%
Dmitrij Miedwiediew
59%
Jurij Andropow
54%
Konstantin Czernienko
45%
Gieorgij Malenkow
42%
Nie znaleziono quizów pasujących do podanych kryteriów
Rozkład punktacji
Procent ludzi z każdym wynikiem
Percentyl według liczby udzielonych odpowiedzi
Twoja historia wyników
Nie rozwiązałeś tego quizu